Statistics for Napoleon Trivia Quiz

Click here to take the quiz!

General Stats

  • This quiz has been taken 24 times
    (10 since last reset)
  • The average score is 8 of 12

Answer Stats

HintAnswer% Correct
Was America discovered before or after Napoleonic France fell?Before
100%
What is Napoleon's last name?Bonaparte
100%
What country did Napoleon lead?France
100%
Did Napoleon actually say there is nothing we can do?No
100%
Where did Napoleon die?St. Helena
100%
Is there a statue of Napoleon?Yes
100%
Where was Napoleon born?Corsica
78%
In the famous painting during his excile, what did Napoleon sit on?A Rock
44%
When was Napoleon born?August 15, 1769
11%
What owned Catalonia when Napoleon was alive?Catalonia
11%
When did Napoleon die?May 5, 1821
11%
After his excile, what caused him to die?Sickness
11%

Score Distribution

Percentile by Number Answered

Percent of People with Each Score

Your Score History

You have not taken this quiz since the last reset